| 000 | 00419nam a2200133Ia 4500 | ||
|---|---|---|---|
| 008 | 170221s9999 xx 000 0 und d | ||
| 100 | _aModar Abdullatif | ||
| 245 | _aFraud Risk Factors and Audit Programme Modifications: Evidence from Jordan | ||
| 245 | _cModar Abdullatif | ||
| 260 | _c2013 | ||
| 300 | _a2 : 1 | ||
| 650 | _xBusiness | ||
| 856 | _uhttp://ro.uow.edu.au/cgi/viewcontent.cgi?article=1425&context=aabfj | ||
| 999 |
_c313343 _d313343 |
||